000 00936cam4a220027700 4500
001 lce00053707
008 691219s1969 enka 000 0 eng
010 _a 75433950
015 _aB69-11244
020 _a0850670039
020 _cunpriced
035 _a(Sirsi) r70360
035 _a(DLC) 75433950
035 _a(UPRA)lce00053707
040 _dUPRA
050 0 _aPR3485
_b.C5 1969
082 _a827/.6
100 1 _aGoldsmith, Oliver, 1730?-1774.
_dGoldsmith, Oliver, 1730?-1774.
_6A30553.1
245 1 4 _aThe citizen of the world, or, Letters from a Chinese philosopher residing in London to his friends in the East /
_cwith decorations by Cecil Keeling.
260 _aLondon :
_bFolio Society,
_c1969.
500 _aIllus. on lining papers.
740 0 _aLetters from a Chinese philosopher.
949 _aPR3485
_wlcc
_mMAIN
_tBOOK
_lON-SHELF
949 _aPR3485
_wlcc
_i-95175
_mMAIN
_tBOOK
_lON-SHELF
004 70360
999 _c191491
_d191491